00753nam a2200253 a 4500001001300000003000900013005001700022008004100039020002600080082001700106100002300123245004200146260004400188300000900232500003500241505001000276650002900286650001300315700002300328902000800351942000700359952011800366999001500484nice12345678IN_TiNIC20260116012938.0050524s1986 mica grp 000 0 eng  a0802843 c703.6400a261.836bHAL aHall, Douglas John aImaging Godb Dominion as Stewardship aMichiganbWilliam B.Eerdmans Pub c1986 a248p aincludes index and biblioraphy2 aIndex aEcology and Christianity aTheology1 aHall, Douglas John bSRS cBK 001040708StackRoom-aHMIbHMId2007-07-10g703.64l0o261.836 HALp014472r2007-07-10v703.64w2005-05-24yBK c9003d9003